| 000 | 01590cam a22004694i 4500 | ||
|---|---|---|---|
| 003 | PE-LiUPU | ||
| 005 | 20260203121841.0 | ||
| 008 | 150617s1994 xxu r 000 0 spa d | ||
| 035 | _a(Sirsi) a12283 | ||
| 040 |
_aPE-LiUPU _bspa _cPE-LiUPU _erda |
||
| 049 | _aPRUA | ||
| 082 | 0 | 4 |
_a234.5 _bB57 _221 |
| 100 | 1 |
_aBlanchard, Juan, _eautor. |
|
| 245 | 1 | 0 |
_aAceptado por Dios : _bun libro clave para el que busca una fe personal en Dios / _cJuan Blanchard. |
| 264 | 1 |
_aPennsylvania : _bEl Estandarte de la Verdad, _c1974. |
|
| 300 |
_a128 páginas ; _c12 centímetros |
||
| 336 |
_atext _2rdacontent |
||
| 337 |
_aunmediated _2rdamedia |
||
| 338 |
_avolume _2rdacarrier |
||
| 505 | 0 | _aLa verdad -- El problema -- El fracaso -- La respuesta -- La necesidad -- El camino a recorrer. | |
| 526 | _aSEG42 | ||
| 526 | _aSEG41 | ||
| 526 | _aSEG40 | ||
| 526 | _aSEG39 | ||
| 526 | _aP94 | ||
| 526 | _aP87 | ||
| 526 | _aP86 | ||
| 526 | _aP85 | ||
| 526 | _aP77 | ||
| 526 | _aP76 | ||
| 526 | _aP35 | ||
| 650 | 1 | 4 | _aArrepentimiento. |
| 650 | 2 | 4 | _aGracia (Teología). |
| 650 | 2 | 0 |
_aSalvación _9870 |
| 910 |
_ajck _bjvq _cjck _d20150616 |
||
| 942 |
_2ddc _cBOOK |
||
| 949 |
_a234.5 B57 _wDEWEY _c1 _i21032 _lCCODEBUL1 _mBUL _p20.00 _r0 _sY _tBOOK _u19821020 _xTEOLOGIA _PP35 _0COMPRA _o.STAFF. Colección Teología |
||
| 994 |
_aC0 _bPEPRU |
||
| 596 | _a1 | ||
| 999 |
_a234.5 B57 _wDEWEY _c2524 _i21032 _f2021-11-11 _g5 _lCCODEBUL1 _mBUL _p20.00 _r0 _sY _tBOOK _u2015-6-17 _xTEOLOGIA _PP35 _0COMPRA _o.STAFF. Colección Teología _d2524 |
||
| 980 |
_818226 _gJaime Vilcazán Jefe de Análisis Documental |
||